Degenerative neurological and neuromuscular disease

Bibliographic Details
Format: Electronic Journal
Language:English
Published: [Auckland, N.Z.] : Dove Medical Press
Subjects:
Online Access:Full text available from Research Library: 01/01/2011 to present

MARC

LEADER 00000nas a2200000 a 4500
001 ssj0000581937
003 WaSeSS
005 20200512172242.0
006 m d
007 cr n
008 101018c20119999nz x pss 0 0eng c
010 |a  2012247779 
016 7 |a 101587980  |2 DNLM 
022 |a 1179-9900  |l 1179-9900 
035 |a (WaSeSS)ssj0000581937 
040 |a NZ1  |b eng  |c NZ1  |d CUD  |d PFM  |d AU@  |d OCLCQ  |d CUS  |d EUW  |d OCLCQ  |d OCLCF  |d OCLCQ  |d CASUM  |d OCLCO  |d OCLCA  |d UAB  |d LIP  |d OCLCO  |d XFH  |d OCLCO  |d WT2  |d OCLCQ  |d WY@  |d OCLCQ  |d NLM  |d OCLCO  |d OCLCA  |d OCLCQ  |d CNMTR  |d OCLCQ  |d WaSeSS 
042 |a pcc 
050 1 4 |a RC365 
060 0 0 |a W1 
210 1 |a Degener. neurol. neuromuscul. dis. 
210 1 0 |a Degener Neurol Neuromuscul Dis  |2 dnlm 
222 0 |a Degenerative neurological and neuromuscular disease 
245 0 0 |a Degenerative neurological and neuromuscular disease  |h [electronic resource]. 
260 |a [Auckland, N.Z.] :  |b Dove Medical Press 
310 |a Irregular 
362 1 |a Began with 2011, 1:3-7 (18 March 2011). 
506 |a License restrictions may limit access. 
515 |a Articles added irregularly during the year and collected into annual issues. 
588 0 |a 2011, 1:3-7 (18 March 2011); title from issue table of contents page (publisher's Web site, viewed May 11, 2012). 
588 1 |a Volume 8 (2018) (viewed May 9, 2018). 
650 0 |a Nervous system  |x Degeneration  |v Periodicals. 
650 0 |a Neuromuscular diseases  |v Periodicals. 
650 7 |a Nervous system  |x Degeneration.  |2 fast  |0 (OCoLC)fst01036090 
650 7 |a Neuromuscular diseases.  |2 fast  |0 (OCoLC)fst01036414 
650 1 2 |a Neurodegenerative Diseases. 
650 2 2 |a Neuromuscular Diseases. 
655 0 |a Electronic journals. 
856 4 0 |z Full text available from Research Library: 01/01/2011 to present  |u https://search.proquest.com/publication/3933172